How to survive the 1980s

保存先:
書誌詳細
フォーマット: 図書
言語:Undetermined
出版事項: Tokyo 1980
主題:
タグ: タグ追加
タグなし, このレコードへの初めてのタグを付けませんか!
Thư viện lưu trữ: Trung tâm Học liệu Trường Đại học Cần Thơ
LEADER 00372nam a2200145Ia 4500
001 CTU_97336
008 210402s9999 xx 000 0 und d
082 |a 330 
082 |b H598 
245 0 |a How to survive the 1980s 
260 |a Tokyo 
260 |c 1980 
650 |a Economic development 
904 |i Tuyến 
980 |a Trung tâm Học liệu Trường Đại học Cần Thơ